Globalisation, development, and child rights / (Record no. 4390)
[ view plain ]
| 000 -LEADER | |
|---|---|
| fixed length control field | 00747 a2200217 4500 |
| 010 ## - LCCN (DPL NO) | |
| LC control number | ENG-86293 |
| 020 ## - INTERNATIONAL STANDARD BOOK NUMBER | |
| International Standard Book Number | 8175412690 |
| Terms of availability | 650.00 |
| 035 ## - SYSTEM CONTROL NUMBER | |
| System control number | EN-69826 |
| 037 ## - SOURCE OF ACQUISITION | |
| Source of stock number/acquisition | DBAD / PUB |
| 082 14 - DEWEY DECIMAL CLASSIFICATION NUMBER | |
| Classification number | 331.310954 |
| 245 1# - TITLE STATEMENT | |
| Title | Globalisation, development, and child rights / |
| Statement of responsibility, etc | edited by Kailash Satyarthi [and] Bupinder Zutshi |
| 260 ## - PUBLICATION, DISTRIBUTION, ETC. (IMPRINT) | |
| Place of publication, distribution, etc | Delhi |
| Name of publisher, distributor, etc | Shipra Publications |
| Date of publication, distribution, etc | 2006 |
| 300 ## - PHYSICAL DESCRIPTION | |
| Extent | xi, 307 p |
| Other physical details | ill |
| Dimensions | 22 cm. (HB) |
| 500 ## - GENERAL NOTE | |
| General note | Includes bibliographical references and index |
| 520 ## - SUMMARY, ETC. | |
| Summary, etc | Contributed articles presented earlier at a workshop. |
| 650 #0 - SUBJECT ADDED ENTRY--TOPICAL TERM | |
| Topical term or geographic name as entry element | Child labor |
| Geographic subdivision | India |
| 650 #0 - SUBJECT ADDED ENTRY--TOPICAL TERM | |
| Topical term or geographic name as entry element | Children's rights |
| Geographic subdivision | India |
| 700 1# - ADDED ENTRY--PERSONAL NAME | |
| Personal name | Satyarthi, Kailash. |
| 700 1# - ADDED ENTRY--PERSONAL NAME | |
| Personal name | Zutshi, Bupinder. |
| 942 ## - ADDED ENTRY ELEMENTS (KOHA) | |
| Institution code [OBSOLETE] | dpl |
| Item type | English Books |
| Source of classification or shelving scheme | Dewey Decimal Classification |
| Classification part | 331.310954 |
| Call number suffix | GLO |
| Withdrawn status | Lost status | Not for loan | Collection code | Home library | Current library | Source of acquisition | Cost, normal purchase price | Full call number | Barcode | Copy number | Cost, replacement price | Koha item type |
|---|---|---|---|---|---|---|---|---|---|---|---|---|
| Not For Loan | Non-fiction | D.B.Act.Division | D.B.Act.Division | DBAD/PUB | 650.00 | 331.310954 GLO | EN-69826 | 1 | 650.00 | English Books |
